000 01205nam a2200241Ii 4500
003 JO-AjNU
008 230605s9999||||xx |||||||||||||| ||und||
017 _a2008/7173
020 _a978-99901-38-21-4
040 _aJO-AjNU
_bara
_erda
_cJO-AjNU
041 _aara
050 1 4 _aKMF1049.2008
100 3 _aالدليمي ، محمد عبدالله حمود ,
_eauthor
_953060
245 0 0 _aشرح قانون المرافعات البحريني وفقا لقانون الإجراءات المدنية والتجارية رقم (12) لسنة 1971 وتعديلاته
250 _aط1
264 3 1 _aمملكة البحرين : جامعة العلوم التطبيقية، 2008
300 _a316ص
_bيشتمل على مصادر ومراجع ببلوغرافية ص ( 301 - 303 )
336 _atext
_btxt
_2rdacontent
337 _aunmediated
_bn
_2rdamedia
338 _avolume
_bnc
_2rdacarrier
490 0 _aجامعة العلوم التطبيقية - مملكة البحرين ؛ سلسلة الكتب القانونية (11)
650 4 _aمرافعات -- قوانين وانظمة -- البحرين -- قانون مدني -- البحرين -- قانون تجاري -- البحرين
_953061
999 _aA23542
_c27110
_d27110